| 000 | 00461nam a22001457a 4500 | ||
|---|---|---|---|
| 082 | _a005 | ||
| 100 | _aKhan, Ayesha | ||
| 245 |
_aResearch based Brain Health Application Addressing Dementia in Pakistan / _cAyesha Khan |
||
| 260 |
_aIslamabad : _bMCS - NUST, _c2016. |
||
| 300 |
_a94 p. ; _c30cm. |
||
| 650 |
_aComputer Science-MS-Thesis _916114 |
||
| 700 |
_aDr. Fahim Arif _920941 |
||
| 942 |
_2ddc _cTHE |
||
| 999 |
_c541053 _d541053 |
||